IBM PC & PC XT (Record no. 574246)

000 -LEADER
fixed length control field 00241nam a22001217a 4500
082 ## - DEWEY DECIMAL CLASSIFICATION NUMBER
Classification number 004 HEL
100 ## - MAIN ENTRY--PERSONAL NAME
Personal name HELD GILBERT
9 (RLIN) 36816
245 ## - TITLE STATEMENT
Title IBM PC & PC XT
250 ## - EDITION STATEMENT
Edition statement 2ND
260 ## - PUBLICATION, DISTRIBUTION, ETC.
Place of publication, distribution, etc. DELHI
Name of publisher, distributor, etc. PDF
Date of publication, distribution, etc. 1987
300 ## - PHYSICAL DESCRIPTION
Extent 479P
942 ## - ADDED ENTRY ELEMENTS (KOHA)
Koha item type Book
Holdings
Withdrawn status Lost status Damaged status Not for loan Permanent Location Current Location Shelving location Date acquired Total Checkouts Full call number Barcode Date last seen Price effective from Koha item type
        College of Electrical & Mechanical Engineering (CEME) College of Electrical & Mechanical Engineering (CEME) General Stacks 07/28/2017   004 HEL CEME-22537 06/28/2021 06/28/2021 Book
© 2023 Central Library, National University of Sciences and Technology. All Rights Reserved.